000 00460nam a22001937a 4500
003 OSt
005 20140310183127.0
008 130530t xxu||||| |||| 00| 0 eng d
050 _aQA 154.2
_b.Y68 20_
082 _aFIL 512
_bY8 20_
245 _aWorktext in College Algebra
_cYoung, Felina C.
260 _cc20_
300 _a421 p.
521 _acollege students
526 _c1210L-1700L
541 _j1
562 _e1
942 _2lcc
_cBK
_kFIL
999 _c19058
_d19058